000 00377nam a2200169Ia 4500
005 20250423100411.0
008 250422s9999 xx 000 0 und d
020 _a978-977-372306
050 _aKD 600 .A5/
100 _aAl,hafiz, Ahmed
245 0 _aOpen Way
260 _aEgypt
260 _bDaral ayhuda,ALJEDDIDAH
260 _c2012
300 _a234 p
942 _cBK
999 _c33192
_d33192